1219 1910 1460 1470 1181 1247 1449 1561 1554 1997 1105 1012 1891 1598 1006 1653 1486 1370 1079 1912 1775 1389 1488 1036 1228 1461 1874 1240 1226 1012 1258 1459 1227 1691 1669 1568 1761 1668 1907 1292 1738 1467 1227 1375 1545 1686 1053 1549 1974 1587 1842 1085 1111 1852 1458 1152 1898 1807 1327 1578 1570 1677 1408 1904 1464 1023 1646 1909 1863 1776 1905 1516 1548 1927 1504 1748 1768 1697 1650 1557 1091 1420 1691 1495 1089 1874 1199 1796 1711 1624 1227 1288 1796 1170 1585 1559 1308 1414 1308 BCNSPRNW ULIB Ver.6.0+V

เปลี่ยนเป็นภาษาไทย

Change to English
 แสดงรายละเอียดบรรณานุกรม
  กลับหน้าหลัก

Brief Record : Get Marc (ISO 2709) : E-mail record : QR code < ปิดหน้าต่าง
LEADER : 00000nam 2200000uu 4500
001    13399107703
003     ULIB
008    110124s2553||||th 000 0 tha d
020    9786115050758
060 04 WY159^bป598ก 2553
100 0  ประกายแก้ว ประพฤติถ้อย
245 10 การพยาบาลกุมารเวชศาสตร์ /^cประกายแก้ว ประพฤติถ้อย ;ผู้ปรับปรุง, กรองกาญจน์ ศิริภักดี
250    พิมพ์ครั้งที่ 5
260    นนทบุรี :^bโครงการส่งเสริมการแต่งตำรามหาวิทยาลัยสุโขทัยธรรมาธิราช,^c2553
300    (13), 421 หน้า :^bภาพประกอบ ;^c26 ซม.
650  7 การพยาบาลกุมารเวชศาสตร์
700 0  กรองกาญจน์ ศิริภักดี,^eผู้ปรับปรุง
710 2  มหาวิทยาลัยสุโขทัยธรรมาธิราช. ^bโครงการส่งเสริมการแต่งตำรา
945    ^p250^l0^i029472
945    ^p250^l0^i029467
945    ^p250^l0^i029470
945    ^p250^l0^i029473
945    ^p250^l0^i029471
945    ^p250^l0^i029469
945    ^p250^l0^i029468
995    เกษร
999 ^a ใช้งานได้ทุกระบบ
รายการนี้ยังไม่มีแท็ก
คุณยังไม่ได้ล็อกอิน คุณสามารถมีกิจกรรมร่วมกับเว็บไซต์ได้ แต่ต้องล็อกอินก่อน ::
  ล็อกอิน

รายการสื่อสารสนเทศ

ลำดับที่ ประเภท เลขเรียก/บาร์โค้ด สถานที่ สถานะ
1. วิทยาศาสตร์การแพทย์ และสุขภาพ
วิทยาศาสตร์การแพทย์ และสุขภาพ
WY159 ป598ก 2553 ฉ.10 
  Barcode: 029472
ห้องสมุดวิทยาเขตสวรรค์ประชารักษ์
►ส่วนจัดเก็บหนังสือเก่า สปร
บนชั้น
  ขอยืม
2. วิทยาศาสตร์การแพทย์ และสุขภาพ
วิทยาศาสตร์การแพทย์ และสุขภาพ
WY159 ป598ก 2553 ฉ.11 
  Barcode: 029473
ห้องสมุดวิทยาเขตสวรรค์ประชารักษ์
►ส่วนจัดเก็บหนังสือเก่า สปร
บนชั้น
  ขอยืม
3. วิทยาศาสตร์การแพทย์ และสุขภาพ
วิทยาศาสตร์การแพทย์ และสุขภาพ
WY159 ป598ก 2553 ฉ.5 
  Barcode: 029467
ห้องสมุดวิทยาเขตสวรรค์ประชารักษ์
►ส่วนจัดเก็บหนังสือเก่า สปร
บนชั้น
  ขอยืม
4. วิทยาศาสตร์การแพทย์ และสุขภาพ
วิทยาศาสตร์การแพทย์ และสุขภาพ
WY159 ป598ก 2553 ฉ.6 
  Barcode: 029468
ห้องสมุดวิทยาเขตสวรรค์ประชารักษ์
►ส่วนจัดเก็บหนังสือเก่า สปร
บนชั้น
  ขอยืม
5. วิทยาศาสตร์การแพทย์ และสุขภาพ
วิทยาศาสตร์การแพทย์ และสุขภาพ
WY159 ป598ก 2553 ฉ.7 
  Barcode: 029469
ห้องสมุดวิทยาเขตสวรรค์ประชารักษ์
►ส่วนจัดเก็บหนังสือเก่า สปร
บนชั้น
  ขอยืม
6. วิทยาศาสตร์การแพทย์ และสุขภาพ
วิทยาศาสตร์การแพทย์ และสุขภาพ
WY159 ป598ก 2553 ฉ.8 
  Barcode: 029470
ห้องสมุดวิทยาเขตสวรรค์ประชารักษ์
►ส่วนจัดเก็บหนังสือเก่า สปร
บนชั้น
  ขอยืม
7. วิทยาศาสตร์การแพทย์ และสุขภาพ
วิทยาศาสตร์การแพทย์ และสุขภาพ
WY159 ป598ก 2553 ฉ.9 
  Barcode: 029471
ห้องสมุดวิทยาเขตสวรรค์ประชารักษ์
►ส่วนจัดเก็บหนังสือเก่า สปร
บนชั้น
  ขอยืม

รายการใกล้เคียง
    ผู้แต่ง [ประกายแก้ว ประพฤติถ้อย]

    หัวเรื่อง [การพยาบาลกุมารเวชศาสตร์]

BibComment


ยังไม่เคยถูกคอมเมนท์

คอมเมนท์ทรัพยากรรายการนี้
  คอมเมนท์: การพยาบาลกุมารเวช..


 Copyright 2026. Bcnsprnw @Library